<?xml version="1.0" encoding="UTF-8"?>
<record
    xmlns:xsi="http://www.w3.org/2001/XMLSchema-instance"
    xsi:schemaLocation="http://www.loc.gov/MARC21/slim http://www.loc.gov/standards/marcxml/schema/MARC21slim.xsd"
    xmlns="http://www.loc.gov/MARC21/slim">

  <leader>03219nam a2200421 a 4500</leader>
  <controlfield tag="003">CHAP</controlfield>
  <controlfield tag="005">20240130130536.0</controlfield>
  <controlfield tag="007">ta</controlfield>
  <controlfield tag="008">230914t2017    paua|||fr|||| 001 0 s   d</controlfield>
  <datafield tag="020" ind1=" " ind2=" ">
    <subfield code="a">978-1-62825-194-4</subfield>
  </datafield>
  <datafield tag="040" ind1=" " ind2=" ">
    <subfield code="a">Z</subfield>
    <subfield code="c">CHAP</subfield>
    <subfield code="e">rda</subfield>
  </datafield>
  <datafield tag="082" ind1="0" ind2="0">
    <subfield code="a">658.404</subfield>
    <subfield code="b">G85 2017</subfield>
    <subfield code="2">20</subfield>
  </datafield>
  <datafield tag="245" ind1="1" ind2="0">
    <subfield code="a">Gu&#xED;a de los fundamentos para la direcci&#xF3;n de proyectos (Gu&#xED;a del PMBOK&#xAE;) /</subfield>
    <subfield code="c">Project Management Institute</subfield>
  </datafield>
  <datafield tag="250" ind1=" " ind2=" ">
    <subfield code="a">Sexta edici&#xF3;n</subfield>
  </datafield>
  <datafield tag="264" ind1=" " ind2="1">
    <subfield code="a"> Newtown Square, Pennsylvania : </subfield>
    <subfield code="b">Project Management Institute,</subfield>
    <subfield code="c">c2017</subfield>
  </datafield>
  <datafield tag="300" ind1=" " ind2=" ">
    <subfield code="a">xxix, 756 p&#xE1;ginas :</subfield>
    <subfield code="b">ilustraciones</subfield>
  </datafield>
  <datafield tag="336" ind1=" " ind2=" ">
    <subfield code="2">rdacontent</subfield>
    <subfield code="a">texto</subfield>
    <subfield code="b">txt</subfield>
  </datafield>
  <datafield tag="337" ind1=" " ind2=" ">
    <subfield code="2">rdamedia</subfield>
    <subfield code="a">sin medio</subfield>
    <subfield code="b">n</subfield>
  </datafield>
  <datafield tag="338" ind1=" " ind2=" ">
    <subfield code="2">rdacarrier</subfield>
    <subfield code="a">volumen</subfield>
    <subfield code="b">nc</subfield>
  </datafield>
  <datafield tag="500" ind1=" " ind2=" ">
    <subfield code="a">ej.1: consumo / ej.2: consumo / ej.3: consumo / ej.4: consumo</subfield>
  </datafield>
  <datafield tag="500" ind1=" " ind2=" ">
    <subfield code="a">En portada: Incluye el est&#xE1;ndar para la direcci&#xF3;n de proyectos</subfield>
  </datafield>
  <datafield tag="504" ind1=" " ind2=" ">
    <subfield code="a">Bibliograf&#xED;a: p&#xE1;gina 537</subfield>
  </datafield>
  <datafield tag="505" ind1="2" ind2=" ">
    <subfield code="g">Parte 1. Gu&#xED;a de los fundamentos para la direcci&#xF3;n de proyectos (Gu&#xED;a del PMBOK&#xAE;).-- 1. Introducci&#xF3;n. -- 2. El entorno en el que operan los proyectos. --  3. El rol de direcci&#xF3;n del proyecto.-- 4. Gesti&#xF3;n de la integraci&#xF3;n del proyecto. -- 5. Gesti&#xF3;n del alcance del proyecto. -- 6. Gesti&#xF3;n del cronograma del proyecto. --  7. Gesti&#xF3;n de los costos del proyecto. -- 8. Gesti&#xF3;n de la calidad del proyecto. -- 9. Gesti&#xF3;n de los recursos del proyecto. -- 10. Gesti&#xF3;n de las comunicaciones del proyecto. -- 11. Gesti&#xF3;n de los riesgos del proyecto. -- 12. Gesti&#xF3;n de las adquisiciones del proyecto. -- 13. Gesti&#xF3;n de los interesados del proyecto. -- Parte 2. El est&#xE1;ndar de la direcci&#xF3;n de proyectos. -- 1. Introducci&#xF3;n. -- 2. Grupo de proceso de inicio. -- 3. Grupo de procesos de planificaci&#xF3;n. -- 4. Grupo de procesos de ejecuci&#xF3;n. -- 5. Grupo de procesos de monitoreo y control. -- 6. Grupo de procesos de cierre. -- Parte 3. Ap&#xE9;ndice, glosario e &#xED;ndice.
</subfield>
  </datafield>
  <datafield tag="520" ind1=" " ind2=" ">
    <subfield code="a">En 1983, un grupo de voluntarios del Project Management institute (PMI) se reuni&#xF3; con un prop&#xF3;sito innovador: crear los fundamentos para la direcci&#xF3;n de proyectos. Este esfuerzo se convertir&#xED;a posteriormente en el est&#xE1;ndar global para la direcci&#xF3;n de proyectos: Gu&#xED;a de los fundamentos para la direcci&#xF3;n de proyectos (Gu&#xED;a del PMBOK). Hoy en d&#xED;a esta Gu&#xED;a es ampliamente recomendad como la autoridad integral sobre pr&#xE1;cticas efectivas de proyectos, por que es desarrollada exclusivamente para directores proyectos. La sexta edici&#xF3;n incluye orientaci&#xF3;n sobre la aplicaci&#xF3;n de buenas pr&#xE1;cticas de direcci&#xF3;n de proyectos en ambientes &#xE1;giles o adaptativos. La sexta edici&#xF3;n tambi&#xE9;n pone mayor &#xE9;nfasis en los aspectos estrat&#xE9;gicos y empresariales de la direcci&#xF3;n de proyectos.</subfield>
  </datafield>
  <datafield tag="534" ind1=" " ind2=" ">
    <subfield code="p">T&#xED;tulo original: Guide to the project management body of knowledge (PMBOK guide)</subfield>
  </datafield>
  <datafield tag="650" ind1="1" ind2="4">
    <subfield code="9">150079</subfield>
    <subfield code="a">Administraci&#xF3;n de proyectos  </subfield>
    <subfield code="x">Normas</subfield>
  </datafield>
  <datafield tag="650" ind1="1" ind2="4">
    <subfield code="9">154741</subfield>
    <subfield code="a">Administraci&#xF3;n empresarial</subfield>
    <subfield code="x">Toma de desiciones </subfield>
  </datafield>
  <datafield tag="650" ind1="1" ind2="4">
    <subfield code="9">154035</subfield>
    <subfield code="a">Planificaci&#xF3;n estrat&#xE9;gica  </subfield>
  </datafield>
  <datafield tag="650" ind1="1" ind2="4">
    <subfield code="9">80696</subfield>
    <subfield code="a">Negocios</subfield>
  </datafield>
  <datafield tag="710" ind1="1" ind2=" ">
    <subfield code="9">188017</subfield>
    <subfield code="a">Project Management Institute</subfield>
    <subfield code="e">editor</subfield>
  </datafield>
  <datafield tag="942" ind1=" " ind2=" ">
    <subfield code="2">ddc</subfield>
  </datafield>
  <datafield tag="942" ind1=" " ind2=" ">
    <subfield code="2">ddc</subfield>
  </datafield>
  <datafield tag="942" ind1=" " ind2=" ">
    <subfield code="2">ddc</subfield>
  </datafield>
  <datafield tag="942" ind1=" " ind2=" ">
    <subfield code="2">ddc</subfield>
  </datafield>
  <datafield tag="942" ind1=" " ind2=" ">
    <subfield code="2">ddc</subfield>
  </datafield>
  <datafield tag="942" ind1=" " ind2=" ">
    <subfield code="c">LIBRO</subfield>
  </datafield>
  <datafield tag="942" ind1=" " ind2=" ">
    <subfield code="c">LIBRO</subfield>
  </datafield>
  <datafield tag="999" ind1=" " ind2=" ">
    <subfield code="c">219153</subfield>
    <subfield code="d">219153</subfield>
  </datafield>
  <datafield tag="952" ind1=" " ind2=" ">
    <subfield code="0">0</subfield>
    <subfield code="1">0</subfield>
    <subfield code="2">ddc</subfield>
    <subfield code="4">0</subfield>
    <subfield code="5">1</subfield>
    <subfield code="7">0</subfield>
    <subfield code="8">GRAL</subfield>
    <subfield code="a">Z</subfield>
    <subfield code="b">Z</subfield>
    <subfield code="d">2019-10-09</subfield>
    <subfield code="e">Compra Libreria UACh No. 38370</subfield>
    <subfield code="g">2107.00</subfield>
    <subfield code="i">Consumo</subfield>
    <subfield code="l">0</subfield>
    <subfield code="o">658.404 G85 2017</subfield>
    <subfield code="p">5102007378</subfield>
    <subfield code="r">2023-09-25 00:00:00</subfield>
    <subfield code="t">Ej.1</subfield>
    <subfield code="w">2023-09-25</subfield>
    <subfield code="y">LIBRO</subfield>
  </datafield>
  <datafield tag="952" ind1=" " ind2=" ">
    <subfield code="0">0</subfield>
    <subfield code="1">0</subfield>
    <subfield code="2">ddc</subfield>
    <subfield code="4">0</subfield>
    <subfield code="5">5</subfield>
    <subfield code="7">0</subfield>
    <subfield code="8">GRAL</subfield>
    <subfield code="a">Z</subfield>
    <subfield code="b">Z</subfield>
    <subfield code="d">2019-10-09</subfield>
    <subfield code="e">Compra Libreria UACh No. 38370</subfield>
    <subfield code="g">2107.00</subfield>
    <subfield code="i">Consumo</subfield>
    <subfield code="l">0</subfield>
    <subfield code="o">658.404 G85 2017</subfield>
    <subfield code="p">5102007379</subfield>
    <subfield code="r">2023-09-25 00:00:00</subfield>
    <subfield code="t">Ej.2</subfield>
    <subfield code="w">2023-09-25</subfield>
    <subfield code="y">LIBRO</subfield>
  </datafield>
  <datafield tag="952" ind1=" " ind2=" ">
    <subfield code="0">0</subfield>
    <subfield code="1">0</subfield>
    <subfield code="2">ddc</subfield>
    <subfield code="4">0</subfield>
    <subfield code="5">5</subfield>
    <subfield code="7">0</subfield>
    <subfield code="8">C</subfield>
    <subfield code="a">Z</subfield>
    <subfield code="b">Z</subfield>
    <subfield code="d">2019-10-09</subfield>
    <subfield code="e">Compra Libreria UACh No. 38370</subfield>
    <subfield code="g">2107.00</subfield>
    <subfield code="i">Consumo</subfield>
    <subfield code="l">0</subfield>
    <subfield code="o">658.404 G85 2017</subfield>
    <subfield code="p">5102007380</subfield>
    <subfield code="r">2023-09-25 00:00:00</subfield>
    <subfield code="t">Ej.3</subfield>
    <subfield code="w">2023-09-25</subfield>
    <subfield code="y">LIBRO</subfield>
  </datafield>
  <datafield tag="952" ind1=" " ind2=" ">
    <subfield code="0">0</subfield>
    <subfield code="1">0</subfield>
    <subfield code="2">ddc</subfield>
    <subfield code="4">0</subfield>
    <subfield code="5">5</subfield>
    <subfield code="7">0</subfield>
    <subfield code="8">GRAL</subfield>
    <subfield code="a">Z</subfield>
    <subfield code="b">Z</subfield>
    <subfield code="d">2019-10-09</subfield>
    <subfield code="e">Compra Libreria UACh No. 38370</subfield>
    <subfield code="g">2107.00</subfield>
    <subfield code="i">Consumo</subfield>
    <subfield code="l">0</subfield>
    <subfield code="o">658.404 G85 2017</subfield>
    <subfield code="p">5102007381</subfield>
    <subfield code="r">2023-09-25 00:00:00</subfield>
    <subfield code="t">Ej.4</subfield>
    <subfield code="w">2023-09-25</subfield>
    <subfield code="y">LIBRO</subfield>
  </datafield>
</record>
